000 00401nam a2200181Ia 4500
001 798
005 20260306140544.0
008 260306t2005||||xx |||||||||||||| ||spa||
041 _aESP
082 _a170
_bB79
100 _aBauman, Zygmunt
_eAUT
245 0 _aEtica posmoderna
260 _c2005
300 _a296 páginas :
_c21 cm.
650 _aGEN
654 _aCHU
942 _cLIB
_dJUS
_fJUS
_2ddc
_n
999 _c798
_d798